000 00569nam a2200181Ia 4500
001 19563
005 20260306172702.0
008 260306t1974||||xx |||||||||||||| ||spa||
041 _aESP
082 _a340.6
_bJ73
100 _aJordana de Pozas, Luis
_eAUT
245 0 _aHistoria, realidad y futuro de la Real Academia de Jurisprudencia y Legislación:
_bdiscurso leido el día 18 de febrero de 1974 en la sesión inaugural del curso 1973-74
260 _c1974
300 _a149 páginas :
_c24 cm.
650 _aGEN
654 _aCDE
942 _cLIB
_dJUS
_fJUS
_2ddc
_n
999 _c19563
_d19563